000 00778cam a22002294a 4500
001 13806789
005 20180307070946.0
008 041204s2005 nyu 001 0 eng
010 _a 2004028685
020 _a0374292884 (hardcover : alk. paper)
040 _aDLC
_cDLC
_dDLC
041 _aeng
042 _apcc
080 _a330.90511 tho
082 0 0 _a330.90511 tho
_222
100 1 _a136
101 _ahis
245 1 4 _aThe world is flat :
_cThomas L. Friedman.
906 _a7
_bcbc
_corignew
_d1
_eecip
_f20
_gy-gencatlg
942 _2ddc
_cBK
999 _c44291
_d44291